| 000 | nam a22 7a 4500 | ||
|---|---|---|---|
| 999 |
_c55495 _d55495 |
||
| 005 | 20200128122547.0 | ||
| 008 | 200128b sp |||| |||| 00| 0 spa d | ||
| 020 | _a8474688094 | ||
| 050 | 0 | 4 |
_aKKT2470 _bB47 1994 |
| 100 | 1 | _aBernal del Castillo, Jesús | |
| 245 | 1 | 0 |
_aHonor, verdad e información _c / Jesús Bernal del Castillo |
| 250 | _a1a ed. | ||
| 260 |
_aOviedo : _bServicio de Publicaciones. Universidad de Oviedo, _c1994 |
||
| 300 |
_a359 p. ; _c21 cm. |
||
| 504 | _aBibliografía : p. 341-357 e índice | ||
| 650 | 7 |
_2lemb _aReputación (Derecho) _zEspaña |
|
| 650 | 7 |
_2lemb _aHonor _zEspaña |
|
| 650 | 7 |
_2lemb _aDifamación _zEspaña |
|
| 650 | 4 |
_aLibertad de expresión _zEspaña |
|
| 942 |
_2lcc _cLIB |
||